1486 1856 1955 1394 1170 1688 1783 1455 1779 1478 1324 1513 1030 1394 1193 1138 1061 1313 1168 1064 1094 1246 1332 1231 1663 1828 1071 1599 1238 1535 1841 1111 1666 1919 1131 1171 1736 1103 1119 1178 1043 1770 1347 1215 1361 1016 1423 1104 1552 1923 1005 1911 1512 1809 1348 1414 1994 1506 1552 1926 1472 1115 1070 1984 1241 1307 2000 1987 1231 1142 1782 1971 1740 1116 1198 1205 1985 1565 1539 1679 1455 1026 1203 1967 1809 1012 1666 1366 1458 1698 1525 1326 1224 1565 1441 1544 1229 1351 1584 BCNSPRNW ULIB Ver.6.0+V

เปลี่ยนเป็นภาษาไทย

Change to English
 แสดงรายละเอียดบรรณานุกรม
  กลับหน้าหลัก

Brief Record : Get Marc (ISO 2709) : E-mail record : QR code < ปิดหน้าต่าง
LEADER : 00000nam 2200000uu 4500
001    13399111009
003     ULIB
008    110614s||||||||th 000 0 tha d
020    9786117046438
050 04 AE71^bก678ล 2552
100 0  Clive Gifford
245 10 โลกพิศวง ของ สายลับจารชน /^cโดย Clive Gifford , แปล ; ปรียารัตน์ มาอินทร์
250    พิมพ์ครั้งที่ 1
260    กรุงเทพฯ :^bเนชั่น เอ็กมอนท์,^c2552
300    64 หน้า :^bภาพประกอบสี
650  7 นักสืบ
650  7 สายลับ
700 0  ปรียารัตน์ มาอินทร์,^eแปล
700 0  อมรเทพ ณ บางช้าง,^eตรวจสอบความถูกต้อง
945    ^p395^l0^i027244
945    ^p395^l0^i027243
995    ทศพร
999 ^a ใช้งานได้ทุกระบบ
รายการนี้ยังไม่มีแท็ก
คุณยังไม่ได้ล็อกอิน คุณสามารถมีกิจกรรมร่วมกับเว็บไซต์ได้ แต่ต้องล็อกอินก่อน ::
  ล็อกอิน

รายการสื่อสารสนเทศ

ลำดับที่ ประเภท เลขเรียก/บาร์โค้ด สถานที่ สถานะ
- ไม่พบข้อมูล -

รายการใกล้เคียง
    หัวเรื่อง [สายลับ]

BibComment


ยังไม่เคยถูกคอมเมนท์

คอมเมนท์ทรัพยากรรายการนี้
  คอมเมนท์: โลกพิศวง ของ สายล..


 Copyright 2026. Bcnsprnw @Library